[Event "GER-chT Youth Countries 2018"]
[Site "Wurzburg"]
[Date "2018.10.06"]
[Round "6"]
[White "Ley, Sabrina"]
[Black "Block, Timo"]
[Result "1/2-1/2"]
[WhiteElo "1902"]
[BlackElo "1777"]
[Annotator "NA RC"]
[PlyCount "48"]
[EventDate "2018.10.03"]
[EventType "team-tourn"]
[EventCountry "GER"]
[SourceTitle "playchess.com"]
[Source "ChessBase"]
[SourceQuality "1"]
[TimeControl "40/5400+30:1800+30"]

{[%evp 9,45,19,24,24,72,18,31,16,27,-2,28,16,31,0,12,-10,29,13,0,25,29,0,39,8,0,-15,0,-42,-45,-49,-18,1,0,-5,32767,32767,47,38]} 1. e4 {[%emt 0:00:00]} e6 {[%emt 0:00:00]} 2. d4 {[%emt 0:00:00]} d5 {[%emt 0:00:00]} 3. Nc3 {[%emt 0:00:00]} Bb4 {[%emt 0:00:18]} 4. Bd3 {[%emt 0:00:00]} c5 {[%emt 0:02:00]} 5. exd5 {[%emt 0:05:37]} exd5 {[%emt 0:01:44]} 6. dxc5 {[%emt 0:22:48]} d4 {[%emt 0:01:15] LiveBook: 7 Partien} 7. Bb5+ {[%emt 0:17:23] C01: French: Exchange Variation} (7. a3 Ba5 8. b4 dxc3 9. bxa5 Qxa5 10. Be3 Nf6 11. Qb1 O-O 12. Ne2 Nd5 13. Qb5 Qc7 14. Bc1 Nd7 15. Bxh7+ Kxh7 {0-1 (44) Getz,N (2276)-Ponkratov,P (2592) Plovdiv 2010}) 7... Nc6 {[%emt 0:05:35]} 8. a3 {[%emt 0:02:04]} Bxc5 {[%emt 0:05:02]} 9. Qe2+ $146 {[%emt 0:05:09]} ({Predecessor:} 9. Ne4 Qa5+ 10. b4 Bxb4+ 11. c3 Bxc3+ 12. Nxc3 dxc3 13. Qa4 Qxa4 14. Bxa4 {0-1 (21) Burbach,B (1318)-Cheon,S (1507) Batumi 2016}) 9... Be7 {[%emt 0:07:24]} 10. Ne4 {[%emt 0:03:37]} Bf5 {[%emt 0:07:57]} 11. Bd2 {[%emt 0:06:32]} Qd5 {[%emt 0:18:01]} 12. f3 {[%emt 0:07:54]} Be6 {[%emt 0:06:07]} 13. Nh3 {[%emt 0:06:34]} a6 {[%emt 0:06:52]} 14. Bd3 {[%emt 0:05:48]} Bxh3 $1 {[%emt 0:09:49]} 15. gxh3 {[%emt 0:00:01]} Ne5 {[%emt 0:00:12]} 16. Bf4 {[%emt 0:05:25]} f5 {[%emt 0:08:42]} 17. Bxe5 {[%emt 0:01:57]} Qxe5 {[%emt 0:00:35]} 18. Ng3 {[%emt 0:00:29]} Qxe2+ {[%emt 0:01:51]} 19. Nxe2 {[%emt 0:01:12]} g6 {[%emt 0:01:40]} 20. Nxd4 {[%emt 0:03:23]} Bf6 {[%emt 0:00:47]} 21. c3 {[%emt 0:00:54]} O-O-O {[%emt 0:03:38]} 22. O-O-O {[%emt 0:02:43]} Ne7 $14 {[%emt 0:01:36]} ({Black should try} 22... Bxd4 $15 23. cxd4 Nf6) 23. Ne6 {[%emt 0:00:47]} Rd6 {[%emt 0:01:44]} 24. Bc4 {[%emt 0:00:44]} Rc6 {[%emt 0:00:30]} 1/2-1/2

[Event "GER-chT Youth Countries 2018"]
[Site "Wurzburg"]
[Date "2018.10.06"]
[Round "6"]
[White "Ratay, Meike"]
[Black "Halas, Julia"]
[Result "1-0"]
[WhiteElo "1887"]
[BlackElo "1972"]
[Annotator "NA RC"]
[PlyCount "93"]
[EventDate "2018.10.03"]
[EventType "team-tourn"]
[EventCountry "GER"]
[SourceTitle "playchess.com"]
[Source "ChessBase"]
[SourceQuality "1"]
[TimeControl "40/5400+30:1800+30"]

{[%evp 14,87,41,25,45,0,66,43,51,14,36,15,80,55,101,0,17,11,46,25,27,0,15,12,0,0,2,0,22,-18,20,-31,16,6,32767,0,0,-12,0,5,0,15,69,0,6,32767,49,32767,32767,-7,0,0,54,32,59,32767,32767,32767,110,110,32767,118,159,223,249,252,235,32767,32767,234,314,243,355,342,387,429]} 1. e4 {[%emt 0:00:00]} e6 {[%emt 0:00:00]} 2. d4 {[%emt 0:00:00]} d5 {[%emt 0:00:00]} 3. Nd2 {[%emt 0:00:00]} Nf6 {[%emt 0:00:00]} 4. e5 {[%emt 0:00:00]} Nfd7 {[%emt 0:00:00]} 5. c3 {[%emt 0:00:00]} c5 {[%emt 0:00:00]} 6. f4 {[%emt 0:00:00]} Nc6 {[%emt 0:01:55]} 7. Ndf3 {[%emt 0:00:14]} cxd4 {[%emt 0:21:34]} 8. cxd4 {[%emt 0:00:12]} Qb6 {[%emt 0:02:06]} 9. a3 {[%emt 0:03:03]} a5 {[%emt 0:01:24]} 10. b3 {[%emt 0:00:16] C05: Französische Verteidigung (Tarrasch-Variante)} Be7 {[%emt 0:06:56] LiveBook: 20 Games} 11. h4 {[%emt 0:01:13]} Qd8 $146 {[%emt 0:16:59]} ({Vorgänger:} 11... f5 12. h5 O-O 13. Ne2 Ndb8 14. Rg1 Bd7 15. g4 Na6 16. gxf5 exf5 {½-½ (34) Delchev,A (2648)-Iotov,V (2581) Sunny Beach 2009}) 12. g4 {[%emt 0:12:29]} b6 {[%emt 0:08:54]} (12... a4 $11 {remains equal.}) 13. Bd3 {[%emt 0:08:05]} Ba6 {[%emt 0:01:55]} 14. Bb1 {[%emt 0:03:42]} (14. Ne2 $16) 14... a4 {[%emt 0:02:22]} 15. b4 {[%emt 0:01:51]} Bc4 {[%emt 0:00:40]} 16. Be3 {[%emt 0:03:50]} b5 {[%emt 0:04:26]} 17. Ne2 {[%emt 0:09:12]} Nb6 {[%emt 0:02:58]} 18. Ng3 {[%emt 0:09:05]} Bb3 {[%emt 0:03:35]} 19. Qe2 {[%emt 0:01:55]} Nc4 {[%emt 0:00:33]} 20. Kf2 {[%emt 0:00:48]} Qb6 {[%emt 0:07:34]} 21. Bd3 {[%emt 0:04:24]} O-O-O {[%emt 0:08:57]} 22. f5 {[%emt 0:04:39]} Rdf8 {[%emt 0:02:51]} 23. Kg2 {[%emt 0:03:41]} Kb7 {[%emt 0:00:55]} 24. Rhf1 {[%emt 0:04:25]} Bd8 {[%emt 0:01:53]} 25. Nh5 {[%emt 0:04:40]} g6 {[%emt 0:00:44]} 26. Nf4 {[%emt 0:00:59]} gxf5 {[%emt 0:02:04]} 27. gxf5 {[%emt 0:00:18]} Ne7 {[%emt 0:00:21]} (27... Ka8 $11) 28. fxe6 {[%emt 0:03:17]} (28. f6 $14) 28... fxe6 {[%emt 0:00:06]} 29. Ng5 {[%emt 0:00:19]} Nf5 {[%emt 0:00:51]} 30. Bxf5 {[%emt 0:01:29]} exf5 {[%emt 0:00:01]} 31. Nge6 {[%emt 0:09:46]} ({Wrong is} 31. Nxd5 $2 Qc6 $19) 31... Rfg8+ {[%emt 0:00:41]} 32. Kh3 Nxe3 {[%emt 0:00:22]} 33. Qxe3 {[%emt 0:01:47]} Rg4 $1 {[%emt 0:00:35]} 34. Nxd8+ {[%emt 0:02:58]} Qxd8 {[%emt 0:00:00]} 35. Qf2 {[%emt 0:00:59]} Rhg8 {[%emt 0:00:55]} (35... Bc2 $1 $11 {keeps the balance.}) 36. Rg1 {[%emt 0:00:25]} Qc7 {[%emt 0:01:02]} 37. Rac1 {[%emt 0:03:21]} Bc4 {[%emt 0:00:37]} 38. Rxg4 {[%emt 0:01:36]} fxg4+ {[%emt 0:00:01]} 39. Kg3 {[%emt 0:00:10]} Qe7 {[%emt 0:01:33]} 40. Qe3 {[%emt 0:02:05]} Rg7 {[%emt 0:00:58]} 41. Rc2 {[%emt 0:03:11]} Qe8 {[%emt 0:13:17]} 42. Rf2 {[%emt 0:02:00]} h5 {[%emt 0:02:22]} 43. Ng2 {[%emt 0:03:33]} Qg6 {[%emt 0:04:28]} 44. Rf6 $18 {[%emt 0:06:51]} Qh7 {[%emt 0:04:58]} 45. Qh6 {[%emt 0:08:25]} Qd3+ {[%emt 0:03:41]} 46. Ne3 {[%emt 0:01:55]} Rd7 {[%emt 0:00:40]} 47. Rb6+ {[%emt 0:00:31]} 1-0

[Event "GER-chT Youth Countries 2018"]
[Site "Wurzburg"]
[Date "2018.10.06"]
[Round "6"]
[White "Riegel, Arinna"]
[Black "Schnabel, Luise"]
[Result "1/2-1/2"]
[WhiteElo "1881"]
[BlackElo "1753"]
[Annotator "NA RC"]
[PlyCount "57"]
[EventDate "2018.10.03"]
[EventType "team-tourn"]
[EventCountry "GER"]
[SourceTitle "playchess.com"]
[Source "ChessBase"]
[SourceQuality "1"]
[TimeControl "40/5400+30:1800+30"]

{[%evp 14,52,30,36,68,37,61,65,63,69,86,72,63,50,74,56,63,68,71,54,68,52,62,0,-4,-7,0,-9,-14,-19,-9,-48,-31,-46,32767,32767,0,-27,-58,-40,-15]} 1. Nf3 {[%emt 0:00:00]} Nf6 {[%emt 0:00:00]} 2. g3 {[%emt 0:00:00]} e6 {[%emt 0:00:01]} 3. Bg2 {[%emt 0:00:00]} Be7 {[%emt 0:00:21]} 4. O-O {[%emt 0:00:23]} d5 {[%emt 0:00:19]} 5. d4 {[%emt 0:00:05]} O-O {[%emt 0:00:09]} 6. c4 {[%emt 0:01:17]} c6 {[%emt 0:00:32]} 7. Qc2 {[%emt 0:02:56]} Na6 {[%emt 0:05:14]} 8. a3 {[%emt 0:01:25] LiveBook: 7 Games E06: Closed Catalan: Early deviations} Ne4 {[%emt 0:04:49]} 9. Bf4 $146 {[%emt 0:07:47]} ({Predecessor:} 9. b4 Nc7 10. Nc3 Nxc3 11. Qxc3 a5 12. bxa5 {½-½ (52) Wells,P (2489)-Radulski,J (2556) Penarth 2011}) 9... Nc7 {[%emt 0:04:49]} 10. Nc3 {[%emt 0:09:08]} Nxc3 {[%emt 0:02:57]} 11. Qxc3 {[%emt 0:00:11]} Bf6 {[%emt 0:03:06]} 12. Be5 {[%emt 0:05:30]} Ne8 {[%emt 0:14:35]} 13. Rac1 {[%emt 0:17:55]} Nd6 {[%emt 0:05:27]} 14. Bxf6 {[%emt 0:12:38]} Qxf6 {[%emt 0:00:24]} 15. c5 {[%emt 0:00:07]} Ne4 {[%emt 0:13:05]} 16. Qd3 {[%emt 0:04:47]} Qe7 {[%emt 0:02:54]} 17. Ne5 {[%emt 0:05:44]} f6 {[%emt 0:04:15]} 18. Nf3 {[%emt 0:04:14]} (18. Nc4 $1 $14) 18... e5 {[%emt 0:03:35]} 19. b4 {[%emt 0:04:52]} g5 {[%emt 0:13:24]} 20. e3 {[%emt 0:08:52]} Bf5 {[%emt 0:04:43]} 21. Qe2 {[%emt 0:02:52]} Rae8 {[%emt 0:03:41]} 22. dxe5 {[%emt 0:02:03]} fxe5 {[%emt 0:00:29]} 23. Nd2 {[%emt 0:00:18]} Nxd2 {[%emt 0:04:48]} 24. Qxd2 {[%emt 0:00:01]} Bg6 {[%emt 0:01:25]} 25. Rcd1 {[%emt 0:03:35]} Rf7 {[%emt 0:04:31]} 26. Qa2 $15 {[%emt 0:02:46]} Kh8 {[%emt 0:01:03]} 27. Qb2 {[%emt 0:00:57]} Kg8 {[%emt 0:00:55]} 28. Qa2 {[%emt 0:00:09]} Kh8 {[%emt 0:01:38]} 29. Qb2 {[%emt 0:00:07]} 1/2-1/2

[Event "GER-chT Youth Countries 2018"]
[Site "Wurzburg"]
[Date "2018.10.06"]
[Round "6"]
[White "Bui, Ngoc Han Julia"]
[Black "Zeuner, Ole"]
[Result "0-1"]
[WhiteElo "1876"]
[BlackElo "1865"]
[Annotator "NA RC"]
[PlyCount "44"]
[EventDate "2018.10.03"]
[EventType "team-tourn"]
[EventCountry "GER"]
[SourceTitle "playchess.com"]
[Source "ChessBase"]
[SourceQuality "1"]
[TimeControl "40/5400+30:1800+30"]

{[%evp 10,44,50,52,58,-9,15,-10,8,-10,-12,-59,-67,-101,-60,-125,32767,-149,-225,-404,-344,-332,-321,-733,-643,-478,-412,-686,-592,-853,-991,-1223,-1572,-2388,-1845,-2020,-2533]} 1. e4 {[%emt 0:00:00]} e5 {[%emt 0:00:00]} 2. Nf3 {[%emt 0:00:00]} Nc6 {[%emt 0:00:00]} 3. Bb5 {[%emt 0:00:00]} a6 {[%emt 0:00:00]} 4. Ba4 {[%emt 0:00:00]} d6 {[%emt 0:00:11]} 5. c3 {[%emt 0:05:05]} f5 {[%emt 0:01:02]} 6. exf5 {[%emt 0:02:17]} Bxf5 {[%emt 0:00:09] LiveBook: 266 Games} 7. d3 {[%emt 0:02:16] C74: Ruy Lopez: Deferred Steinitz: 5 c3 f5} (7. O-O $16) (7. d4 e4 8. Nfd2 Nf6 9. Nf1 Be7 10. Bg5 O-O 11. Ne3 Bg6 12. Nd2 Kh8 13. O-O b5 14. Bb3 Na5 15. Be6 c6 16. Bxf6 Rxf6 {0-1 (49) Malakhov,V (2686)-Fressinet,L (2662) Riadh 2017}) 7... Be7 {[%emt 0:01:57]} 8. O-O {[%emt 0:03:50]} Nf6 {[%emt 0:01:26]} 9. Re1 {[%emt 0:01:53]} O-O $1 {[%emt 0:02:58]} 10. Bb3+ {[%emt 0:05:28]} Kh8 {[%emt 0:00:54]} 11. d4 $146 {[%emt 0:06:17]} ({Predecessor:} 11. Ng5 d5 12. Qf3 Ng4 13. Nh3 Bh4 14. Rf1 e4 15. dxe4 {0-1 (36) Bedalli,E-Gjergji,R (1938) Durres 2013}) 11... e4 {[%emt 0:15:05]} 12. Ng5 {[%emt 0:14:10]} d5 {[%emt 0:00:55]} 13. f3 {[%emt 0:01:41]} h6 {[%emt 0:08:49]} 14. g4 $2 {[%emt 0:10:52]} (14. fxe4 $17 Bg4 15. Qd2) 14... Bd7 {[%emt 0:06:49]} ({Inferior is} 14... hxg5 15. gxf5 exf3 16. Qxf3 $11) 15. Nh3 {[%emt 0:04:29]} exf3 {[%emt 0:04:09]} 16. Nf4 $2 {[%emt 0:03:09]} (16. Qxf3 Bxg4 17. Qg2) 16... Bxg4 {[%emt 0:06:21]} 17. Qc2 {[%emt 0:03:18] [#]} Bf5 $1 {[%emt 0:14:28]} 18. Qf2 $2 {[%emt 0:10:28]} (18. Qxf5 f2+ 19. Kf1 fxe1=R+ 20. Kxe1) 18... g5 {[%emt 0:07:06]} 19. Qxf3 {[%emt 0:03:48]} gxf4 {[%emt 0:01:42]} 20. Qxf4 {[%emt 0:00:04]} Ng4 {[%emt 0:01:41]} 21. h3 {[%emt 0:00:18]} Bg5 {[%emt 0:00:55]} 22. Qg3 {[%emt 0:01:54]} Bh4 $19 {[%emt 0:00:59]} 0-1

[Event "GER-chT Youth Countries 2018"]
[Site "Wurzburg"]
[Date "2018.10.06"]
[Round "6"]
[White "Browning, Rebecca"]
[Black "Laux, Dominik"]
[Result "0-1"]
[WhiteElo "1873"]
[BlackElo "1987"]
[Annotator "NA RC"]
[PlyCount "96"]
[EventDate "2018.10.03"]
[EventType "team-tourn"]
[EventCountry "GER"]
[SourceTitle "playchess.com"]
[Source "ChessBase"]
[SourceQuality "1"]
[TimeControl "40/5400+30:1800+30"]

{[%evp 13,92,29,28,28,27,23,43,26,45,31,39,21,34,28,18,2,10,-18,0,-13,0,-11,-14,-38,5,-12,0,-18,-25,-26,10,4,39,57,162,24,114,-65,-59,-72,-29,-88,-74,-167,-172,-170,-179,-201,-230,-230,-222,-208,-228,-238,-219,-285,-238,-246,-240,-273,-316,-310,-231,-255,32767,32767,32767,32767,-263,-247,-222,-260,-235,-240,-247,-255,-276,-267,-238,-262,-279]} 1. e4 {[%emt 0:00:00]} c6 {[%emt 0:00:00]} 2. d4 {[%emt 0:00:00]} d5 {[%emt 0:00:00]} 3. exd5 {[%emt 0:00:00]} cxd5 {[%emt 0:00:00]} 4. Bd3 {[%emt 0:00:00]} Nc6 {[%emt 0:01:05]} 5. c3 {[%emt 0:01:29]} Nf6 {[%emt 0:00:15]} 6. Nf3 {[%emt 0:00:08]} Bg4 {[%emt 0:01:39]} 7. h3 {[%emt 0:02:46]} Bh5 {[%emt 0:00:08]} 8. Bf4 {[%emt 0:02:19]} e6 {[%emt 0:01:31] LiveBook: 9 Games} 9. Nbd2 {[%emt 0:02:57]} Bg6 {[%emt 0:06:18]} 10. Bxg6 {[%emt 0:00:37]} hxg6 {[%emt 0:00:05]} 11. Qb3 {[%emt 0:00:11]} Qc8 {[%emt 0:01:55]} 12. O-O {[%emt 0:01:41]} Be7 {[%emt 0:01:43]} 13. Rae1 {[%emt 0:01:38]} O-O {[%emt 0:03:26]} 14. Re3 {[%emt 0:02:14]} a6 {[%emt 0:06:26]} 15. Ne5 {[%emt 0:05:13]} b5 {[%emt 0:06:55]} 16. a3 {[%emt 0:01:55]} Ra7 {[%emt 0:05:56]} 17. Rfe1 {[%emt 0:02:18]} Na5 {[%emt 0:05:44]} 18. Qd1 {[%emt 0:00:26]} Rb7 {[%emt 0:05:15]} 19. Rf3 {[%emt 0:03:40]} Nc4 {[%emt 0:01:35]} 20. Ndxc4 {[%emt 0:00:17]} bxc4 {[%emt 0:00:41]} 21. Bc1 {[%emt 0:00:11]} Rb3 {[%emt 0:08:24]} 22. h4 {[%emt 0:03:21]} Bd6 {[%emt 0:07:51]} 23. Rh3 {[%emt 0:04:16]} Re8 {[%emt 0:02:56]} (23... Nh7 $14) 24. g4 {[%emt 0:04:31]} Kf8 {[%emt 0:02:38] [#]} (24... Bxe5 $11 25. Rxe5 Ne4) 25. g5 $2 {[%emt 0:02:37]} (25. h5 $1 $16) 25... Bxe5 {[%emt 0:03:31]} 26. dxe5 {[%emt 0:03:22]} Nd7 {[%emt 0:02:14]} 27. Qc2 {[%emt 0:00:51]} (27. h5 $11 {keeps the balance.}) 27... Ke7 {[%emt 0:03:16]} 28. Ree3 {[%emt 0:03:02]} (28. h5 $17 {war einen Versuch wert.}) 28... Rh8 {[%emt 0:02:14]} 29. Qd2 {[%emt 0:00:48]} Nc5 {[%emt 0:01:10]} 30. Ref3 {[%emt 0:01:42]} Nd3 {[%emt 0:01:38]} 31. Rxd3 {[%emt 0:03:05]} cxd3 {[%emt 0:00:07]} 32. Qxd3 {[%emt 0:00:02]} Qc4 {[%emt 0:04:01]} 33. Qe3 {[%emt 0:02:04]} Rb7 {[%emt 0:04:22]} 34. f4 {[%emt 0:01:32]} Rd7 {[%emt 0:01:50]} 35. Kf2 {[%emt 0:06:37]} d4 {[%emt 0:01:40]} 36. Qe4 {[%emt 0:05:59]} Rc8 {[%emt 0:02:52]} 37. Qc2 {[%emt 0:10:49]} dxc3 {[%emt 0:04:28]} 38. Rxc3 {[%emt 0:00:13]} Qd4+ {[%emt 0:00:07]} 39. Be3 {[%emt 0:00:06]} Rxc3 {[%emt 0:00:08]} 40. bxc3 {[%emt 0:00:07]} Qc4 {[%emt 0:02:16]} 41. Qb2 {[%emt 0:31:13]} Qc6 {[%emt 0:09:48]} 42. Qb4+ {[%emt 0:00:00]} Ke8 {[%emt 0:00:42]} 43. Qb8+ {[%emt 0:00:00]} Rd8 {[%emt 0:00:06]} 44. Qb4 {[%emt 0:00:00]} Rc8 {[%emt 0:01:17]} 45. Bd4 {[%emt 0:00:00]} Qb5 {[%emt 0:03:19]} 46. Ke3 {[%emt 0:00:00]} Rc4 $19 {[%emt 0:04:15]} 47. Qd6 {[%emt 0:00:00]} a5 {[%emt 0:02:11]} 48. Kd2 {[%emt 0:00:00]} Rc6 {[%emt 0:00:40]} 0-1

[Event "GER-chT Youth Countries 2018"]
[Site "Wurzburg"]
[Date "2018.10.06"]
[Round "6"]
[White "Koenze, Heike"]
[Black "Reuter, Elisa"]
[Result "1-0"]
[WhiteElo "1845"]
[BlackElo "1786"]
[Annotator "NA RC"]
[PlyCount "97"]
[EventDate "2018.10.03"]
[EventType "team-tourn"]
[EventCountry "GER"]
[SourceTitle "playchess.com"]
[Source "ChessBase"]
[SourceQuality "1"]
[TimeControl "40/5400+30:1800+30"]

{[%evp 13,97,-5,-6,-27,0,-5,0,-3,27,32,25,25,39,52,75,36,92,94,80,18,37,14,75,23,23,31,39,34,26,21,38,0,51,-166,-31,-95,-122,-216,-106,-142,-122,-113,-135,-120,0,-55,0,-126,-152,-151,-149,-144,-156,-135,-56,32767,-40,-31,-25,-43,42,39,110,115,108,140,117,93,141,70,121,95,69,0,0,0,40,0,625,626,671,769,798,795,826,1089]} 1. c4 {[%emt 0:00:00]} Nf6 {[%emt 0:00:00]} 2. g3 {[%emt 0:00:00]} g6 {[%emt 0:00:00]} 3. Bg2 {[%emt 0:00:00]} d5 {[%emt 0:00:00]} 4. d4 {[%emt 0:00:06]} c6 {[%emt 0:01:00]} 5. cxd5 {[%emt 0:00:55]} cxd5 {[%emt 0:00:11]} 6. Nc3 {[%emt 0:01:25] D71: Fianchetto Grünfeld: 3 g3 d5 sidelines and 5 cxd5 (without Nf3)} Nc6 {[%emt 0:01:53]} 7. Bg5 {[%emt 0:06:02]} Bg7 {[%emt 0:01:05]} 8. e3 {[%emt 0:06:55]} e6 {[%emt 0:00:59]} (8... Ne4 $5 {[%cal Re4g5]} 9. Bf4 h6 $11) 9. Nge2 {[%emt 0:01:41]} h6 $146 {[%emt 0:00:40]} ({Predecessor:} 9... O-O 10. O-O h6 11. Bxf6 Qxf6 12. Rc1 Bd7 13. Nf4 Qe7 {0-1 (45) Shabalov,A (2622)-Svidler,P (2763) Odessa 2008}) 10. Bf4 {[%emt 0:06:26]} g5 {[%emt 0:06:00]} 11. Be5 $1 {[%emt 0:00:16]} Nxe5 {[%emt 0:00:03]} 12. dxe5 {[%emt 0:00:09]} Nd7 {[%emt 0:01:17]} 13. f4 {[%emt 0:00:20]} a6 {[%emt 0:01:55]} 14. a4 {[%emt 0:03:23]} Qa5 {[%emt 0:08:23]} ({Lieber} 14... Qb6 $14) 15. Rb1 {[%emt 0:05:38]} Qb4 {[%emt 0:04:36]} 16. Qd4 {[%emt 0:00:46]} Qxd4 {[%emt 0:04:33]} 17. exd4 {[%emt 0:00:48]} Rb8 {[%emt 0:03:34]} (17... Nb8 $11 {remains equal.}) 18. Rc1 {[%emt 0:01:59]} Bf8 {[%emt 0:01:32]} 19. O-O {[%emt 0:01:56]} Nb6 {[%emt 0:02:39]} 20. b3 {[%emt 0:01:03]} Bd7 {[%emt 0:01:14]} 21. Nd1 {[%emt 0:08:37]} Nc8 {[%emt 0:00:36]} 22. Ne3 {[%emt 0:01:39]} Ne7 {[%emt 0:01:46]} (22... b5 $11) 23. Rc7 $2 {[%emt 0:00:53]} (23. Bf3 $14) 23... Nc6 {[%emt 0:00:45]} ({Black should try} 23... Bc6 $19 24. Bf3 Kd8 25. Rxe7 Bxe7) 24. fxg5 {[%emt 0:00:27]} (24. Bh3 $1 $15) 24... hxg5 {[%emt 0:00:19]} 25. Ng4 {[%emt 0:00:18] [#]} (25. h4 $17 {was the only defense.}) 25... Kd8 {[%emt 0:02:28]} (25... Be7 $1 $19 26. Nf6+ Bxf6 27. Rxf6 Kd8 28. Rxd7+ Kxd7 29. Rxf7+ Ne7) 26. Rxd7+ {[%emt 0:00:45]} Kxd7 {[%emt 0:00:12]} 27. Rxf7+ {[%emt 0:00:06]} Ke8 {[%emt 0:01:00]} 28. Rf6 $1 {[%emt 0:00:49]} Kd7 {[%emt 0:00:32]} 29. Rf7+ {[%emt 0:00:11]} Ke8 {[%emt 0:06:08]} 30. Rf6 {[%emt 0:00:07] [#]} Nd8 $1 {[%emt 0:00:26]} 31. Rg6 {[%emt 0:05:59]} Be7 {[%emt 0:00:24]} 32. Nh6 {[%emt 0:00:23]} Rc8 {[%emt 0:04:49]} 33. Bf3 {[%emt 0:01:14]} Kd7 {[%emt 0:01:21]} (33... Rc2 $19 34. Ng8 Bf8 35. Rxg5 Kf7) 34. Bg4 {[%emt 0:01:10]} Rc6 {[%emt 0:02:04]} 35. Ng8 {[%emt 0:02:32]} Rh7 {[%emt 0:03:33]} 36. Nxe7 {[%emt 0:05:00]} Rxe7 {[%emt 0:02:56]} ({Black should play} 36... Kxe7 $15 37. Rxg5 Rb6) 37. Rxg5 {[%emt 0:00:10]} Rb6 {[%emt 0:00:17] [#]} (37... Rf7 $11 {remains equal.}) 38. Nf4 $1 {[%emt 0:01:23]} Rxb3 {[%emt 0:00:26]} 39. Nxd5 $1 {[%emt 0:00:11]} Rf7 {[%emt 0:02:44]} 40. Nf6+ {[%emt 0:00:13]} Kc7 {[%emt 0:05:31]} 41. d5 {[%emt 0:32:08]} Rb1+ {[%emt 0:33:03]} 42. Kg2 {[%emt 0:00:26]} Rb2+ {[%emt 0:00:12]} 43. Kh3 {[%emt 0:00:22]} (43. Kf1 $14 exd5 44. Rg8) 43... exd5 {[%emt 0:00:44]} 44. Nxd5+ {[%emt 0:00:12]} Kc6 {[%emt 0:00:21]} 45. Nf4 {[%emt 0:00:45]} Re7 $2 {[%emt 0:01:31]} (45... Rh7+ $11 46. Bh5 Kd7) 46. Rg6+ {[%emt 0:01:00]} Ne6 {[%emt 0:02:30]} 47. Bxe6 {[%emt 0:02:20]} Rh7+ {[%emt 0:00:06]} 48. Kg4 {[%emt 0:00:10]} Kc7 $18 {[%emt 0:00:53]} 49. Nd5+ {[%emt 0:02:02]} 1-0

[Event "GER-chT Youth Countries 2018"]
[Site "Wurzburg"]
[Date "2018.10.06"]
[Round "6"]
[White "Bashylina, Luisa"]
[Black "Werner, Rosalie"]
[Result "1-0"]
[WhiteElo "1837"]
[BlackElo "1566"]
[Annotator "NA RC"]
[PlyCount "61"]
[EventDate "2018.10.03"]
[EventType "team-tourn"]
[EventCountry "GER"]
[SourceTitle "playchess.com"]
[Source "ChessBase"]
[SourceQuality "1"]
[TimeControl "40/5400+30:1800+30"]

{[%evp 16,61,0,-27,0,-44,-37,-52,-41,-44,-37,-35,-33,-43,-22,-93,-22,-32,0,-11,34,29,33,24,27,31,83,60,65,102,200,189,243,187,242,268,307,325,450,345,347,357,832,1189,2339,1085,1047,1169]} 1. e4 {[%emt 0:00:00]} e6 {[%emt 0:00:00]} 2. d3 {[%emt 0:00:00]} d5 {[%emt 0:00:00]} 3. Nd2 {[%emt 0:00:00]} Nf6 {[%emt 0:00:18]} 4. Ngf3 {[%emt 0:00:02]} c5 {[%emt 0:01:04]} 5. g3 {[%emt 0:00:07]} Nc6 {[%emt 0:00:10]} 6. Bg2 {[%emt 0:00:10]} Be7 {[%emt 0:00:47]} 7. O-O {[%emt 0:00:07]} O-O {[%emt 0:01:12]} 8. Re1 {[%emt 0:00:25]} Qc7 {[%emt 0:04:35]} 9. Nf1 {[%emt 0:01:15] C00: French: Unusual White 2nd moves} (9. e5 Nd7 10. Qe2 b5 11. Nf1 Bb7 12. Bf4 Rfc8 13. Ne3 Qd8 14. h4 h6 15. c3 b4 16. c4 Nb6 17. Rad1 Rc7 18. Ng4 Qf8 19. Qe3 Nd4 20. Nxd4 cxd4 {0-1 (44) Svidler,P (2760)-Kramnik,V (2800) Moscow 2018}) 9... Rd8 {[%emt 0:09:47]} 10. e5 {[%emt 0:00:51]} Nd7 {[%emt 0:01:26]} 11. Bf4 {[%emt 0:00:18]} Nf8 {[%emt 0:04:04]} 12. g4 {[%emt 0:19:42]} Ng6 {[%emt 0:04:43]} 13. Bg3 $1 {[%emt 0:01:26]} h6 $146 {[%emt 0:06:09]} ({Predecessor:} 13... b5 14. h4 Bb7 15. h5 Nf8 16. Qd2 d4 {0-1 (37) Griffe,D (1728)-Tatard,M (1905) France 2007}) 14. Qe2 {[%emt 0:06:57]} b6 {[%emt 0:02:29]} 15. N3d2 {[%emt 0:01:11]} (15. c3 $11 {remains equal.}) 15... Nd4 {[%emt 0:16:11]} ({Black should try} 15... Bg5 $17 16. Nf3 Nf4) 16. Qd1 {[%emt 0:00:29]} Bh4 {[%emt 0:03:12]} 17. f4 {[%emt 0:02:24]} Qe7 {[%emt 0:05:32]} 18. c3 {[%emt 0:01:09]} Nc6 {[%emt 0:00:49]} 19. Nf3 {[%emt 0:01:14]} Bxg3 {[%emt 0:03:01]} 20. hxg3 {[%emt 0:00:12]} Qc7 {[%emt 0:05:39]} 21. Rc1 {[%emt 0:03:45]} Bd7 {[%emt 0:04:15]} 22. d4 {[%emt 0:02:36]} c4 {[%emt 0:00:34]} (22... Rac8 $16 {ist wohl besser.}) 23. Ne3 {[%emt 0:00:26]} Qc8 {[%emt 0:00:12]} (23... Nce7 $142 24. Kf2 b5) 24. Rf1 {[%emt 0:00:24]} Nge7 {[%emt 0:01:17]} (24... Nce7 $142 25. Qc2 Qa6) 25. Nh4 {[%emt 0:00:27]} g6 {[%emt 0:01:19]} 26. Qc2 {[%emt 0:00:26]} Kh7 {[%emt 0:03:34]} 27. Bh3 {[%emt 0:01:16]} Rf8 {[%emt 0:00:51]} 28. f5 {[%emt 0:00:45]} g5 $2 {[%emt 0:00:26]} (28... Qc7 29. Kh2 Rg8 30. fxg6+ fxg6 31. Rf7+ Rg7) 29. fxe6+ {[%emt 0:00:16]} Ng6 {[%emt 0:01:42]} 30. exd7 {[%emt 0:00:35]} Qxd7 {[%emt 0:00:07]} 31. Nhf5 $18 {[%emt 0:00:19]} 1-0